Fashion Designers at the Opera /

Guardado en:
Detalles Bibliográficos
Autor principal: Matheopoulos, Helena (Autor)
Formato: Libro
Lenguaje:inglés
Publicado: London : Thames & Hudson, 2011
Edición:1. vydanie
Materias:
Etiquetas: Agregar Etiqueta
Sin Etiquetas, Sea el primero en etiquetar este registro!

MARC

LEADER 00000nam a22000003a 4500
001 0071827
003 SK-STU
005 20200116154337.1
007 ta
008 190219s ----xo-----e------000-0-----d
020 |a 978-0-500-51576-1 
040 |a STU  |b slo 
041 0 |a eng 
044 |a xxk 
100 1 |a Matheopoulos, Helena  |4 aut 
245 1 0 |a Fashion Designers at the Opera /  |c aut. Helena Matheopoulos 
250 |a 1. vydanie 
260 |a London :  |b Thames & Hudson,  |c 2011 
300 |a 192 s. 
650 0 7 |a dizajn produktový 
650 0 7 |a móda 
650 0 7 |a scénografia 
650 0 7 |a dizajnéri 
996 |b 284AU07863  |c A* 11122/U  |l AAKNAR  |s A  |a 24  |w 0071827_0001